000 00327nam a2200145Ia 4500
008 210210b1916 xxu||||| |||| 00| 0 eng d
041 _aeng
082 _a825/1103
100 _aGRAY
245 _aGosse
260 _aLondon
_bMacmillan & Co. Ltd.
_c1916
650 _aGosse
690 _aEnglish Criticism
906 _a015418
999 _c134778
_d134778